00696nam a2200205 a 450000100100000000500170001000800410002702000150006804000250008308200150010810000300012324000520015324500550020526000310026030000360029149000130032783000200034095201130036099900170047300004226920201002040037.0131121s1975 sp ac 000 0 spa d a8473640497 aDO-SdBNPbspacBNPHU axxxbB819B1 aThomas, Bobd1922-95983610aMarlon, portrait of the rebel as an artistleng10aMarlon Brando :bun artista rebelde /cBob Thomas. aBarcelona :bEuros,c1975. a232 p. :bil., retrs. ;c22 cm.1 aPersonae 0aPersonae969306 001050718MOaGRbGRcCTd2013-11-21iLF1l0oxxx B819Bp42269-10r2020-06-25w2020-06-25y1ZNo se presta c41758d41758